Name Every Generation - Statistics

General Stats
  • This quiz has been taken 18 times
  • The average score is 8 of 27
Answer Stats
Hint Answer % Correct
1961 - 1981 Gen X / Generation X / X
100%
1995 - 2009 Gen Z / Z / Generation Z
100%
1943 - 1960 Baby Boomer / Boomer
94%
1982 - 1994 Millenial
94%
2010 - 2024 Alpha
89%
2025 - N/A Beta
83%
1901 - 1924 Greatest / GI / G.I
61%
1925 -1942 Silent
56%
1883 - 1900 Lost
33%
1541 - 1565 Elizabethan
11%
1433 - 1640 Arthurian
6%
1724 - 1741 Liberty
6%
1843 - 1859 Progressive
6%
1742 - 1766 Republican
6%
1792 - 1821 Transcendental
6%
1701 - 1723 Awakening
0%
1618 - 1647 Cavalier
0%
1767 - 1791 Compromise
0%
1674 - 1700 Enlightenment
0%
1822 - 1842 Gilded
0%
1648 - 1673 Glorious
0%
1461 - 1482 Humanist
0%
1860 - 1882 Missionary
0%
1566 - 1587 Parliamentary
0%
1588 -1617 Puritan
0%
1483 - 1511 Reformation
0%
1512 - 1540 Reprisal
0%
No matching quizzes found
Score Distribution
Percent of People with Each Score
Percentile by Number Answered
Your Score History
You have not taken this quiz